Indian Journal of Finance (Record no. 10246)
[ view plain ]
| 000 -LEADER | |
|---|---|
| fixed length control field | 00504nam a22001217a 4500 |
| 003 - CONTROL NUMBER IDENTIFIER | |
| control field | OSt |
| 008 - FIXED-LENGTH DATA ELEMENTS--GENERAL INFORMATION | |
| fixed length control field | 201214b ||||| |||| 00| 0 eng d |
| 245 ## - TITLE STATEMENT | |
| Title | Indian Journal of Finance |
| 250 ## - EDITION STATEMENT | |
| Edition statement | 2014(Jan Vol.8 No.1, Feb Vol.8 No.2, Mar Vol.8 No.3, Apr Vol.8 No.4, May Vol.8 No.5, Jun Vol.8 No.6, Jul Vol.8 No.7, Aug Vol.8 No.8, Sep Vol.8 No.9, Oct Vol.8 No.10, Nov Vol.8 No.11, Dec Vol.8 No.12) |
| 260 ## - PUBLICATION, DISTRIBUTION, ETC. (IMPRINT) | |
| Place of publication, distribution, etc | New Delhi |
| Name of publisher, distributor, etc | Associated Management Consultants Pvt. Ltd. |
| 650 ## - SUBJECT ADDED ENTRY--TOPICAL TERM | |
| Topical term or geographic name as entry element | Management |
| 942 ## - ADDED ENTRY ELEMENTS (KOHA) | |
| Source of classification or shelving scheme | Dewey Decimal Classification |
| Koha item type | BOUND VOLUME |
| Withdrawn status | Lost status | Source of classification or shelving scheme | Materials specified (bound volume or other part) | Damaged status | Not for loan | Collection code | Home library | Current library | Date acquired | Source of acquisition | Serial Enumeration / chronologySerial Enumeration / Volume No. | Total Checkouts | Acc. no. / Barcode | Date last seen | Bill Date | Koha item type |
|---|---|---|---|---|---|---|---|---|---|---|---|---|---|---|---|---|
| Dewey Decimal Classification | Bound Volume | Not For Loan | MBA | PIET C-LIBRARY | PIET C-LIBRARY | 29/12/2020 | Associated Management Consultants Pvt. Ltd. | 2014(Jan Vol.8 No.1, Feb Vol.8 No.2, Mar Vol.8 No.3, Apr Vol.8 No.4, May Vol.8 No.5, Jun Vol.8 No.6, Jul Vol.8 No.7, Aug Vol.8 No.8, Sep Vol.8 No.9, Oct Vol.8 No.10, Nov Vol.8 No.11, Dec Vol.8 No.12) | BV438 | 29/12/2020 | 09/01/2014 | BOUND VOLUME |